Statistics for Top 10 U.S. States People are Leaving

Click here to take the quiz!

General Stats

  • This quiz has been taken 45,043 times
    (14,352 since last reset)
  • The average score is 6 of 10

Answer Stats

Net MigrationState% Correct
-1,198,000California
94%
-883,000New York
94%
-364,000Illinois
71%
-58,000Michigan
70%
-153,000New Jersey
64%
-149,000Massachusetts
60%
-100,000Maryland
49%
-46,000Minnesota
45%
-42,000Hawaii
42%
-110,000Louisiana
30%

Score Distribution

Percentile by Number Answered

Percent of People with Each Score

Your Score History

You have not taken this quiz since the last reset